| 000 | 01311nam a22002657a 4500 | ||
|---|---|---|---|
| 003 | OSt | ||
| 008 | 220823t2015 ck a br 00| 1dspa d | ||
| 020 | _a9789587434675 | ||
| 040 |
_aCO-JMCR _cCO-JMCR _bspa _dCO-JMCR _eCO-JMCR |
||
| 041 | 0 | _aspa | |
| 082 | 0 | 4 |
_aC _bREYt1 |
| 100 | 1 |
_aReyes, Yolanda, _eautora _91217 |
|
| 245 | 1 | 3 |
_aEl terror de sexto B / _cYolanda Reyes ; [ilustraciones de Daniel Rabanal] |
| 264 |
_aBogotá : _bLoqueleo, _c©2015 |
||
| 300 |
_a83 páginas : _bilustraciones a blanco y negro ; _c21 cm. |
||
| 500 | _aIncluye datos biográficos de la autora. | ||
| 520 | 3 | _aLos papás siempre dicen: "cuando yo no tenía tu edad era el mejor de la clase". Claro los papás llevan mucho tiempo fuera del colegio y son gente de pésima memoria. Por eso no se acuerdan de las tareas, ni de los exámenes, ni de las malas notas. Las historias de este libro no son tan dulces como las que cuentan los papás.Es más, algunas merecerían un cero en conducta. | |
| 521 | 1 |
_aRecomendado para mayores de 10 años. _bTapa posterior. |
|
| 586 | _aPremio Noveles Talentos de Fundalectura 1994. | ||
| 650 | 1 | 4 |
_942325 _ySiglo XX |
| 700 | 1 |
_aRabanal, Daniel, _941996 |
|
| 999 |
_c29735 _d16119 |
||